Piłka nożna - powiązania - TOP3 #5 - Statystyki

Ogólne statystyki
  • Ten quiz został rozwiązany 450 razy
  • Średni wynik to 7 z 27
Statystyki odpowiedzi
Hint Odpowiedź % Poprawnych
Real/Niemcy1 Kroos
76%
Real/Barcelona1 Figo
75%
Chelsea/Niemcy1 Rudiger
63%
Chelsea/Niemcy3 Havertz
48%
Real/Niemcy3 Ozil
46%
Arsenal/Niemcy1 Ozil
46%
Real/Niemcy2 Khedira
29%
Arsenal/Barcelona1 Henry
28%
Arsenal/Barcelona2 Fabregas
26%
Chelsea/Barcelona2 Fabregas
26%
Arsenal/Liverpool2 Sterling
25%
Chelsea/Niemcy2 Ballack
23%
Real/Liverpool1 Alonso
22%
Arsenal/Niemcy2 Mertesacker
22%
Real/Barcelona3 Eto'o
19%
Chelsea/Barcelona3 Eto'o
19%
Chelsea/Liverpool1 Torres
16%
Real/Barcelona2 Enrique
14%
Arsenal/Niemcy3 Lehmann
12%
Chelsea/Liverpool2 Salah
11%
Arsenal/Barcelona3 Sanchez
9%
Chelsea/Barcelona1 Pedro
8%
Chelsea/Liverpool3 Cole
6%
Arsenal/Liverpool3 Oxlade-Chamberlain
5%
Real/Liverpool2 McManaman
4%
Arsenal/Liverpool1 Toure
4%
Real/Liverpool3 Morientes
2%
Nie znaleziono quizów pasujących do podanych kryteriów
Rozkład punktacji
Procent ludzi z każdym wynikiem
Percentyl według liczby udzielonych odpowiedzi
Twoja historia wyników
Nie rozwiązałeś tego quizu